|
|
|
|
| LEADER |
00000nam0a2200000 4500 |
| 001 |
234699 |
| 005 |
20231101231337.0 |
| 035 |
|
|
|a (RuTPU)RU\TPU\book\255825
|
| 090 |
|
|
|a 234699
|
| 100 |
|
|
|a 20130327d1898 m y0engy50 ba
|
| 101 |
0 |
|
|a eng
|
| 102 |
|
|
|a US
|
| 105 |
|
|
|a a z 001zy
|
| 200 |
1 |
|
|a Physical Geology
|f A. H. Green
|
| 210 |
|
|
|a New York
|a Bombay
|c Longmans, Green, and CO
|d 1898
|
| 215 |
|
|
|a 728 с.
|c il.
|
| 320 |
|
|
|a Index: p. 719-728.
|
| 606 |
1 |
|
|a Геология физическая
|2 stltpush
|3 (RuTPU)RU\TPU\subj\6124
|9 34082
|
| 610 |
1 |
|
|a Земля
|
| 610 |
1 |
|
|a строение
|
| 610 |
1 |
|
|a литосфера
|
| 610 |
1 |
|
|a геодинамика
|
| 610 |
1 |
|
|a вулканизм
|
| 610 |
1 |
|
|a геотектоника
|
| 610 |
1 |
|
|a структурная геология
|
| 610 |
1 |
|
|a экзогенные процессы
|
| 610 |
1 |
|
|a геологические отложения
|
| 610 |
1 |
|
|a геоморфология
|
| 610 |
1 |
|
|a английский язык
|
| 675 |
|
|
|a 551.1/.4
|v 3
|
| 700 |
|
1 |
|a Green
|b A. H.
|
| 801 |
|
1 |
|a RU
|b 63413507
|c 20130327
|
| 801 |
|
2 |
|a RU
|b 63413507
|c 20130522
|g RCR
|
| 942 |
|
|
|c BK
|